000 00959cam a2200253 4500
008 090401t1996 xxu||||| |||| 00| 0 eng d
020 _a1859413102
035 _a(Sirsi) u46697
041 _aeng
050 _a347.4109
100 _aLord, R.
245 _aGuide to the Arbitration Act 1996
260 _aLondon
_bCavendish
_c1996
300 _axxvii,165p. ; 24cm.
350 _a19.95
520 _aIncludes a section by section analysis of the Act, along with an introduction that explains the new provisions of the Act in a straightforward way. Explains the sometimes complex relationship between the new law and the old rules it replaces.
650 _aARBITRATION ACT 1996
650 _aMANAGEMENT-DISPUTE AVOIDANCE, MANAGEMENT AND RESOLUTION-DISPUTE MANAGEMENT AND RESOLUTION-ARBITRATION
650 _aALTERNATIVE DISPUTE RESOLUTION
690 _aDispute resolution
_96236
700 _aSalzedo, S.
942 _n0
948 _c04/03/1997
999 _c91976
_d91976